01418 a2200169 4500003000500000005001700005010001300022040000900035082001500044100002700059245005300086260004400139300002200183505099000205600002701195650002601222Nust20230201114905.0 a51029432 cNust a808.83,LIE aLieb, Clarence William aOutwitting your years / cClarence William Lieb, aKingswood, SurreybWorld’s Workc1950 aiii, 318 pb19 cm aThe Good Do Not Die Young (Page-1), Fifty – Uppers (Page-11), Mind Sickness and its Cure (Page-23), Sex after Sixty (Page-33), Shall We Abolish Birthdays? (Page-43) Growing old Gracefully (Page-53) Soul Sickness and Its Cure (Page-61), Bridging the Gap (Page-71), Who Wants to Be Young? (Page-81), Religious Role in old – Age Happiness (Page-91), Why Retire? (Page-104), New Jobs for OLD (Page-117), The Age of Appreciation (Page-141), The Golden Decade (Page-151), Regulation (Page-161), Chang of Life in Women and Men (Page-175), So-Called Diseases of Old Age (Page-188), I Ve Got Blood Pressure (Page-201), Cancer not Part of the Ageing Process (Page-214), Freedom from Pain (Page-226), Bolts and Jolts (Page-238), Stop, Look Listen’ (Page-248), The Platter is More Deadly Than The Sword (Page-260), The Temperamental Colon (Page-269), Reducing Eight Hundred Pounds (Page-279), And Speaking of Exercise (Page-288), Its Fun to Be Old (Page-300), The Supreme Alchemy (Page-309). aLieb, Clarence William aOutwitting your years